Línea base de biodiversidad en sabanas y bosques de predios productivos en la Orinoquia colombiana : (Registro nro. 19081)

Detalles MARC
000 -CABECERA
Campo de control 01109nam a2200241 a 4500
005 - FECHA Y HORA DE LA ULTIMA TRANSACCION
Campo de control 20161011114532.0
008 - ELEMENTOS DE LONGITUD FIJA—INFORMACION GENERAL
Campo de control 161011s2012 ck ad|||r|||| 00| 0 spa d
040 ## - FUENTE DE CATALOGACIÓN
Agencia catalogadora original CO-BoIAVH
Agencia transcriptora CO-BoIAVH
041 0# - IDIOMA
Código de idioma para texto/pista de sonido o título separado Español
044 ## - PAÍS DE PUBLICACIÓN
País de publicación Colombia
090 ## - CLASIFICACIÓN LOCAL
Colección FG-
Consecutivo 0068
245 00 - MENCION DE TITULO
Título Línea base de biodiversidad en sabanas y bosques de predios productivos en la Orinoquia colombiana :
Parte restante del título caracterización de la biodiversidad. Plantas • Escarabajos • Aves
260 ## - PUBLICACION, DISTRIBUCION, ETC. (PIE DE IMPRENTA)
Lugar de publicación, distribución, etc. Bogotá?, Colombia :
Nombre del editor, distribuidor, etc. GEF :
-- PNUD,
Fecha de publicación, distribución, etc. 2012?.
300 ## - DESCRIPCION FISICA
Extensión 1 plegable (17 páginas) :
Otros detalles físicos ilustraciones a color y gráficas ;
Dimensiones 23 x 16 cm.
500 ## - NOTA GENERAL
Nota general Conservación de la biodiversidad en predios productivos.<br/>
650 26 - ASIENTO SECUNDARIO DE MATERIA - TERMINO TEMATICO
Término temático o nombre geográfico como elemento de entrada Biodiversidad
Subdivisión general caracterización
Subdivisión geográfica Colombia
-- Vichada (Departamento)
9 (RLIN) 76829
650 24 - ASIENTO SECUNDARIO DE MATERIA - TERMINO TEMATICO
Término temático o nombre geográfico como elemento de entrada Altillanura
Subdivisión geográfica Colombia
-- Vichada (Departamento)
9 (RLIN) 76830
650 26 - ASIENTO SECUNDARIO DE MATERIA - TERMINO TEMATICO
Término temático o nombre geográfico como elemento de entrada Sabanas
Subdivisión geográfica Colombia
-- Vichada (Departamento)
9 (RLIN) 76831
650 26 - ASIENTO SECUNDARIO DE MATERIA - TERMINO TEMATICO
Término temático o nombre geográfico como elemento de entrada Plantas
Subdivisión geográfica Colombia
-- Vichada (Departamento)
9 (RLIN) 76832
650 26 - ASIENTO SECUNDARIO DE MATERIA - TERMINO TEMATICO
Término temático o nombre geográfico como elemento de entrada Coleoptera
Subdivisión geográfica Colombia
-- Vichada (Departamento)
9 (RLIN) 76833
650 26 - ASIENTO SECUNDARIO DE MATERIA - TERMINO TEMATICO
Término temático o nombre geográfico como elemento de entrada Aves
Subdivisión geográfica Colombia
-- Vichada (Departamento)
9 (RLIN) 76834
942 ## - ELEMENTOS ADICIONALES (KOHA)
Sistema de clasificación Local
Tipo de ítem Folleto
Existencias
Withdrawn status Lost status Sistema de Clasificación Damaged status No para préstamo Colección Inventariado Ubicación Permanente Ubicación actual Fecha de adquisición Total Checkouts Número topográfico Inventario / Código de Barras Date last seen Ejemplar Price effective from Forma de adquisición Tipo de material
    Local     Hemeroteca Inventariado 2017 Bogotá Bogotá 11/10/2016   FG-0068 040758 11/10/2016 Ej. 1 11/10/2016 Donación Folleto